| 000 -LEADER |
| fixed length control field |
00650nam a2200181Ia 4500 |
| 008 - FIXED-LENGTH DATA ELEMENTS--GENERAL INFORMATION |
| fixed length control field |
190719s9999||||xx |||||||||||||| ||und|| |
| 020 ## - INTERNATIONAL STANDARD BOOK NUMBER |
| International Standard Book Number |
9780707744490 |
| Terms of availability |
Rs. 3857.00 |
| 040 ## - CATALOGING SOURCE |
| Original cataloging agency |
IMU Kochi |
| 082 04 - DEWEY DECIMAL CLASSIFICATION NUMBER |
| Classification number |
623.8932 |
| Item number |
Un314 V.5 |
| 110 ## - MAIN ENTRY--CORPORATE NAME |
| Corporate name or jurisdiction name as entry element |
Great Britain. |
| Subordinate unit |
Hydrographic Office |
| 245 #0 - TITLE STATEMENT |
| Title |
Admiralty List of Radio Signals, vol.5 : global maritime distress and safety system (GMDSS) / |
| Statement of responsibility, etc. |
United Kingdom Hydrographic Office |
| 250 ## - EDITION STATEMENT |
| Edition statement |
2017/18 ed. |
| 260 ## - PUBLICATION, DISTRIBUTION, ETC. |
| Place of publication, distribution, etc. |
Taunton : |
| Name of publisher, distributor, etc. |
United Kingdom Hydrographic Office , |
| Date of publication, distribution, etc. |
2017 |
| 300 ## - PHYSICAL DESCRIPTION |
| Extent |
xxii, 488 p. |
| Other physical details |
: col. ill., maps |
| Dimensions |
; 30 cm. |
| 490 ## - SERIES STATEMENT |
| Series statement |
NP ; |
| Volume/sequential designation |
285 |
| 650 ## - SUBJECT ADDED ENTRY--TOPICAL TERM |
| Topical term or geographic name entry element |
Distress signals |
| 942 ## - ADDED ENTRY ELEMENTS (KOHA) |
| Source of classification or shelving scheme |
|
| Koha item type |
Books |